LEADER 01030nam a2200217 i 4500 001 000000366977 003 CaOOAMICUS 005 20260323153130.0 008 260323s1944 it a u000 u ita u 013 $a15191 040 $aSeMil$bita 100 1 $aCalliari, Paolo,$d<1913-1991>.$0(OLS)http://semarc/name/11909 245 13$aUn maestro di santi verso gli altari :$bil servo di Dio Pio Brunone Lanteri fondatore degli oblati di Maria Vergine /$cPaolo Calliari. 260 $aTorino :$bLanteriana,$c1944. 300 $a67 p., [1] p. di tav. :$bill. ;$c17 cm$a 650 4$aLanteri, Pio Bruno .$0(OLS)http://semarc/subject/4244 850 $aSeMil 852 $aSeMil$W1$xVenegono$y1$m5C IX 2/15$j268850$B257720$CSeMilBibl$Z2$F257720 $8M 996 $6245$aUn maestro di santi verso gli altari :$bil servo di Dio Pio Brunone Lanteri fondatore degli oblati di Maria Vergine$9(OLS)http://semarc/title/458786 996 $6260$aTorino :$bLanteriana$9(OLS)http://semarc/publisher/33088